Zákonník práce a s ním súvisiace právne predpisy s podrobným komentárom : Platný v roku 2000

Na minha lista:
Detalhes bibliográficos
Formato: Livro
Idioma:eslovaco
Publicado em: Bratislava : NOVÁ PRÁCA, 2000
Edição:3.preprac. a dopl.vyd.
Tags: Adicionar Tag
Sem tags, seja o primeiro a adicionar uma tag!

MARC

LEADER 00000nam a22000003a 4500
001 stu52758
005 20150408162145.9
008 000323s2000----xo------------------slo-d
020 |a 80-88929-14-8 
040 |a STU  |b slo 
041 0 |a slo 
044 |a xo 
080 |a 351.83:331.1 
080 |a 331 
245 |a Zákonník práce a s ním súvisiace právne predpisy s podrobným komentárom :  |b Platný v roku 2000 
250 |a 3.preprac. a dopl.vyd. 
260 |a Bratislava :  |b NOVÁ PRÁCA,  |c 2000 
300 |a 263 s 
996 |b 284V034274  |c V*46593/O-20477  |l VVT  |s A  |a 24  |w stu52758_0001